Bacteria and Fungus Found in Some Documents of The XVI Century, at The General Notarial Files, Its Source /

Guardat en:
Dades bibliogràfiques
Altres autors: Molina Piñeiro, Valentín (autor) (autor)
Format: Llibre
Idioma:anglès
Publicat: México : Instituto de Estudios y Documentos Históricos, fecha no identificada
Etiquetes: Afegir etiqueta
Sense etiquetes, Sigues el primer a etiquetar aquest registre!

MARC

LEADER 00000nam^a2200000^a^4500
001 000629701
005 20260407000000.0
009 20260408133314.562
037 |a Acervo ITESO - Biblioteca 
041 |a ING 
091 |a FOB. 04301 
245 0 0 |a Bacteria and Fungus Found in Some Documents of The XVI Century, at The General Notarial Files, Its Source / 
264 1 |a México :  |b Instituto de Estudios y Documentos Históricos,  |c fecha no identificada 
300 |a 8 p. 
336 |a texto  |b txt  |2 rdacontenido 
337 |a sin mediación  |b n  |2 rdamedio 
338 |a volumen  |b nc  |2 rdasoporte 
649 |a XX 
700 |a Molina Piñeiro, Valentín  |e (autor) 
910 |a Fondo Carlos de Obeso Orendain 
920 |a Impresos - Libros 
930 |a Fondos Especiales 
905 |a 147 
901 |a 630083-10  |b IT2  |c ESP  |i D85945  |u 20260407 
902 |a https://opac.biblio.iteso.mx/vufind/Record/000629701